000 00316nam a2200121 4500
999 _c10779
_d10779
003 OSt
005 20220708173207.0
008 220708b ||||| |||| 00| 0 eng d
100 _aThomas Sharp
245 _aExter phanix a plan for rebulding
260 _aLondon
_bExter city council architectural press
942 _2ddc